000 00764nam a2200253 i 4500
001 C2-0309401
003 PPAK
005 20250323112354.0
008 110529s2000 my ab f | 0 may d
020 _a98390150707
_qpaperback
040 _aPPAK
_beng
_cPPAK
_erda
082 0 4 _223
_a320.9595
090 0 0 _a320.9595
_bZUB
_dKMI
090 2 0 _a320.9595
_bZUB
_dKZR
100 0 _aZuber Zain,
_eauthor.
245 1 0 _aMENANG dalam KALAH /
_cZuber Zain
264 1 _aKuala Lumpur :
_bAMALMASTER (M) SDN BHD.,
_c2000
300 _a160 pages :
_billustrations, maps ;
_c24 cm
336 _2rdacontent
_atext
337 _2rdamedia
_aunmediated
338 _2rdacarrier
_avolume
651 _aMalaysia
_vPolitics and government
942 _cB
_2ddc
999 _c111942
_d111942